000 00775nas a2200265 4500
001 BR0701960
003 BR-BrBNA
005 20231205110722.0
007 ta
008 230509b bl.|||p| |||| 00| 00por d
040 _aBR-BrBNA
_bpor
_cBiblioteca Nacional de Agricultura
041 _a(Pt)
072 _aE70
100 1 _aSilveira, I.D.B.
100 1 _aFischer, V.
100 1 _aMendonça, G. de
245 1 _aComportamento de bovinos de corte em pistas de remate
650 _aGADO DE CORTE
650 _aLEILÃO
650 _aCOMPORTAMENTO ANIMAL
650 _aPARÂMETRO GENÉTICO
773 0 _tCiência Rural (Brazil)
_xISSN 0103-8478
_g(Sep-Oct 2006), v. 36(5) p. 1529-1533
_wBR0701960
909 _a202311
_bLúcia
_c55
_dLúcia Elande
942 _2AGRIS
_n0
_cANA
999 _c188724
_d188724